Konfrontácia

Bibliographic Details
Main Authors: Bačíková, Iveta, 1973- (Author), Laca, Martin, 1988- (Author)
Format: Book
Language:Slovak
PhysicalDescription:102 s. 25 cm
Published: Bratislava Akadémia Policajného zboru 2014
ISBN:9788080546267
Edition:1. vyd.
Series:Kriminalistika
Subjects:

MARC

LEADER 00000cam a2200000 a 4500
001 vtls010663620
003 SK-MaSNL
005 20260301134914.0
008 240318s2014 xo f n 000 0 slo
015 |a SNBA2015/05 
020 |a 9788080546267  |q (brož.) 
035 |a 21B809E0-0483-4A21-8EFB-4BE7924B9CB2 
035 |a urn:nbn:sk:snk-amkvpc 
035 |a urn:nbn:sk:snk-am003tvu 
040 |a SNK  |b slo  |c SNK  |e AACR2 
041 0 |a slo 
044 |a xo  |c SK 
072 7 |a 343.9  |x Kriminalistika  |2 konspekt 
080 |a 343.9  |2 2001 
080 |a 343.982.06  |2 2001 
080 |a (075.8)  |2 2001 
080 |a 343.98  |2 2001 
100 1 |a Bačíková, Iveta,  |d 1973-  |4 aut  |9 224665 
245 1 0 |a Konfrontácia  |c Iveta Bačíková, Martin Laca 
250 |a 1. vyd. 
260 |a Bratislava  |b Akadémia Policajného zboru  |c 2014 
300 |a 102 s.  |c 25 cm 
366 |e 150 výt. 
490 1 |a Kriminalistika 
504 |a Bibliogr. odkazy 
650 0 7 |a kriminalistika  |2 SNKPH  |9 1688 
650 0 7 |a Criminal investigation  |2 SNKPHeng  |9 275189 
650 0 7 |a kriminalistická metodika  |2 SNKPH  |9 134280 
650 0 7 |a Criminal investigation methodology  |2 SNKPHeng  |9 489459 
650 0 7 |a kriminalistická taktika  |2 SNKPH  |9 4117 
650 0 7 |a Criminalistic tactics  |2 SNKPHeng  |9 328600 
655 7 |a učebnice vysokých škôl  |2 SNKPH  |9 70191 
655 7 |a Textbooks (higher)  |2 SNKPHeng  |9 276436 
700 1 |a Laca, Martin,  |d 1988-  |4 aut  |9 211311 
810 2 |a Akadémia Policajného zboru v Bratislave  |t Kriminalistika  |9 489460 
852 |a Štátna vedecká knižnica v Banskej Bystrici 
919 |a 978-80-8054-626-7 
958 |a NB 
999 |c 758477  |d 760407 
952 |a SNK  |b SNK  |y PREZ  |7 0  |p 17A1157538  |o snkSC 164498  |i snk2015/14444  |8 0  |0 0  |1 0  |4 0  |d 2015-05-04  |f 1  |l 0  |r 2025-08-28 00:00:00  |w 2026-02-23 
952 |a SNK  |b SNK  |y VYP  |7 0  |p 17A1157539  |o snkSC 164498 D1  |i snk2015/14445  |8 0  |0 0  |1 0  |4 0  |d 2015-05-04  |l 0  |r 2026-02-23 23:56:00  |w 2026-02-23